Loreto College Library, Kolkata
WEBOPAC (ONLINE PUBLIC ACCESS CATALOGUE)

Labour market segregation and gender-bias (Record no. 6218)

MARC details
000 -LEADER
fixed length control field 00645nam a2200205Ia 4500
005 - DATE AND TIME OF LATEST TRANSACTION
control field 20230524114007.0
008 - FIXED-LENGTH DATA ELEMENTS--GENERAL INFORMATION
fixed length control field 131103s9999 xx 000 0 und d
040 ## - CATALOGING SOURCE
Original cataloging agency Loreto College
041 ## - LANGUAGE CODE
Language code English
082 ## - DDC | ডিউই
Classification number | বর্গসংখ্যা 331.12
Book Number | গ্রন্থাঙ্ক SEN
100 ## - MAIN ENTRY--PERSONAL NAME | মুখ্য সংলেখ - ব্যাক্তিনাম
Personal name | ব্যাক্তিনাম Sen Gupta, Pampa
245 ## - TITLE STATEMENT | অাখ্যা বিবরণী
Title | অাখ্যা Labour market segregation and gender-bias
Sub title | উপঅাখ্যা discussion paper no. 2/2004(27)
Statement of responsibility | লেখকের দায়িত্বের বিবরণ Pampa Sen Gupta
260 ## - IMPRINT | প্রকাশনা ক্ষেত্র
Place of publication | প্রকাশ স্থান Kolkata
Name of publisher | প্রকাশকের নাম Centre for Urban Economic Studies, Dept. of Economics
Date of publication | প্রকাশ কাল [2004]
300 ## - PHYSICAL DESCRIPTION |
Page / Vol. No | পৃষ্ঠা / খন্ড সংখ্যা iv,83 p.
Other physical details | অনান্য বাহ্যিক বিবরণ ill., charts
504 ## - BIBLIOGRAPHY, ETC. NOTE
Bibliography, etc Includes bibliograpjhical references
650 ## - SUBJECT ADDED ENTRY--TOPICAL TERM | বিষয় শিরোনাম - মূল বিষয়
Topical term | মূল বিষয় Labour Market
651 ## - SUBJECT ADDED ENTRY--GEOGRAPHIC NAME | বিষয় শিরোনাম - ভৌগলিক নাম
Geographic name | ভৌগলিক বিষয় Gender Studies
850 ## - HOLDING INSTITUTION
Holding institution LCLIB
942 ## - ADDED ENTRY ELEMENTS (KOHA)
Koha item type Books
Holdings
Withdrawn status Lost status Source of classification Damaged status Not for loan Home library Current library Date acquired Total Checkouts Full call number Accession No. Date last seen Price effective from Koha item type Coded location qualifier
    Dewey Decimal Classification     Loreto College Loreto College 04/11/2013   331.12 SEN 43993 B6087 04/11/2013 04/11/2013 Books